00398nam a2200121Ia 4500008004100000245008500041260004500126260000900171300000800180500001300188650001300201856006200214170516s9999 xx 000 0 und d aDissolution improvement of fenofibrate by melting inclusion in mesoporous silica bAsian Journal of Pharmaceutical Sciences c2013 a8:6 aDecember xPharmacy uhttp://www.sciencedirect.com/science/journal/18180876/8/6